Propelling negotiation skills modules in construction engineering programs: Reflections and supporting tools for educators towards an enhanced effective training (Record no. 194189)
[ view plain ]
| 000 -LEADER | |
|---|---|
| fixed length control field | 01477nam a22001937a 4500 |
| 005 - DATE AND TIME OF LATEST TRANSACTION | |
| control field | 20250115164748.0 |
| 008 - FIXED-LENGTH DATA ELEMENTS--GENERAL INFORMATION | |
| fixed length control field | 250115b |||||||| |||| 00| 0 eng d |
| 040 ## - CATALOGING SOURCE | |
| Transcribing agency | LDD |
| 100 ## - MAIN ENTRY--PERSONAL NAME | |
| Personal name | Pujadas, Pablo |
| 245 ## - TITLE STATEMENT | |
| Title | Propelling negotiation skills modules in construction engineering programs: Reflections and supporting tools for educators towards an enhanced effective training |
| 260 ## - PUBLICATION, DISTRIBUTION, ETC. | |
| Place of publication, distribution, etc. | Elsevier, 2024 |
| 300 ## - PHYSICAL DESCRIPTION | |
| Other physical details | p 1-8 |
| 490 ## - Journal | |
| Journal | An International Journal Of Research And Studies |
| Volume/sequential designation | Vol. 138 |
| 500 ## - GENERAL NOTE | |
| General note | This paper aims to provide a detailed account of our experience in implementing a negotiation module in an optional course of Management Skills in the Master's Degree in Structural & Construction Engineering program at the Universitat Politècnica de Catalunya and critically evaluate its effectiveness and impact on students' personal and professional development by triangulating experiences, surveys, and interviews. Based on an analysis of university curricula, the research explores effective teaching strategies, including Role-Play Simulation and Multi-Disciplinary Case Studies, which were highly valued by students. Video Recording and Playback, Peer Feedback, and Facilitator-led Discussions emerged as the most effective evaluation methods. |
| 650 ## - SUBJECT ADDED ENTRY--TOPICAL TERM | |
| Topical term or geographic name entry element | Negotiation |
| 700 ## - ADDED ENTRY--PERSONAL NAME | |
| Personal name | Pardo-Bosch, Francesc |
| 856 ## - ELECTRONIC LOCATION AND ACCESS | |
| Link text | click here to access online |
| Uniform Resource Identifier | <a href="https://www.sciencedirect.com/science/article/abs/pii/S0742051X23004201">https://www.sciencedirect.com/science/article/abs/pii/S0742051X23004201</a> |
| 942 ## - ADDED ENTRY ELEMENTS (KOHA) | |
| Source of classification or shelving scheme | Dewey Decimal Classification |
| Koha item type | Article |
| Date last seen | Total checkouts | Price effective from | Koha item type | Lost status | Source of classification or shelving scheme | Damaged status | Not for loan | Withdrawn status | Home library | Current library | Date acquired |
|---|---|---|---|---|---|---|---|---|---|---|---|
| 01/15/2025 | 01/15/2025 | Article | Dewey Decimal Classification | Library and Documentation Division NCERT | Library and Documentation Division NCERT | 01/15/2025 |





